La política económica de los Estados Unidos hacia América Latina entre 1945 y 1961 / (Registro nro. 4650)
[ vista simple ]
| 000 -LEADER | |
|---|---|
| fixed length control field | 01047nam a2200229Ia 4500 |
| 003 - CONTROL NUMBER IDENTIFIER | |
| control field | OSt |
| 005 - DATE AND TIME OF LATEST TRANSACTION | |
| control field | 20200716162658.0 |
| 008 - FIXED-LENGTH DATA ELEMENTS--GENERAL INFORMATION | |
| fixed length control field | 191128s1971 con d fr 000 0dspa d |
| 040 ## - CATALOGING SOURCE | |
| Original cataloging agency | CO-JMCR |
| Transcribing agency | CO-JMCR |
| 041 0# - LANGUAGE CODE | |
| Language code of text/sound track or separate title | spa |
| 082 04 - DEWEY DECIMAL CLASSIFICATION NUMBER | |
| Classification number | 338.918 / |
| Item number | E776p |
| Edition number | 23 |
| 100 1# - MAIN ENTRY--PERSONAL NAME | |
| Personal name | Espinoza García, Manuel, |
| Relator term | autor |
| 9 (RLIN) | 7422 |
| 245 13 - TITLE STATEMENT | |
| Title | La política económica de los Estados Unidos hacia América Latina entre 1945 y 1961 / |
| Statement of responsibility, etc. | Manuel Espinoza García |
| 250 ## - EDITION STATEMENT | |
| Edition statement | Primera edición |
| 260 ## - PUBLICATION, DISTRIBUTION, ETC. | |
| Place of publication, distribution, etc. | La Habana : |
| Name of publisher, distributor, etc. | Casa de las Américas, |
| Date of publication, distribution, etc. | 1971 |
| 300 ## - PHYSICAL DESCRIPTION | |
| Extent | 194 páginas : |
| Other physical details | gráficos a blanco y negro ; |
| Dimensions | 19 cm. |
| 500 ## - GENERAL NOTE | |
| General note | Incluye datos biográficos del autor en solapa posterior. |
| 505 0# - FORMATTED CONTENTS NOTE | |
| Formatted contents note | La política exterior de los Estados Unidos -- La política económica de los Estados Unidos durante el período de la buena vecindad -- La política económica de Estados Unidos durante el período "La política del buen socio"<br/> |
| 650 14 - SUBJECT ADDED ENTRY--TOPICAL TERM | |
| Topical term or geographic name entry element | Economía |
| Geographic subdivision | Estados Unidos |
| 9 (RLIN) | 7423 |
| 650 14 - SUBJECT ADDED ENTRY--TOPICAL TERM | |
| Topical term or geographic name entry element | Relaciones económicas internacionales |
| 9 (RLIN) | 5216 |
| 942 ## - ADDED ENTRY ELEMENTS (KOHA) | |
| Source of classification or shelving scheme | Dewey Decimal Classification |
| Koha item type | Books |
| Withdrawn status | Lost status | Source of classification or shelving scheme | Damaged status | Not for loan | Collection code | Home library | Current library | Date acquired | Source of acquisition | Full call number | Barcode | Date last seen | Copy number | Koha item type |
|---|---|---|---|---|---|---|---|---|---|---|---|---|---|---|
| Dewey Decimal Classification | Non-fiction | Biblioteca Pública José María del Castillo y Rada | Biblioteca Pública José María del Castillo y Rada | 04/15/2018 | Donación | 338.918 / E776p | 201809632 | 05/16/2024 | Ej.1 | Books |